000 00306nam a2200109Ia 4500
008 200302s9999 xx 000 0 und d
100 _aAnil Markandya
245 _aCosting Adaptation Preparing for climate change in India
260 _bThe Energy and Resources Institute
260 _c2011
300 _a258 P.,
999 _c2854
_d2854